Library Logo

Pioneer International University Library Catalogue

Educational management (Record no. 3360)

MARC details
000 -LEADER
fixed length control field 00262nam a22000977a 4500
005 - DATE AND TIME OF LATEST TRANSACTION
control field 20250901165411.0
008 - FIXED-LENGTH DATA ELEMENTS--GENERAL INFORMATION
fixed length control field 210323b ||||| |||| 00| 0 eng d
050 ## - LIBRARY OF CONGRESS CALL NUMBER
Classification number LB2805 .O38 2013
245 ## - TITLE STATEMENT
Title Educational management
Remainder of title theory and practice
Statement of responsibility, etc. OKUMBE, J.A.
942 ## - ADDED ENTRY ELEMENTS (KOHA)
Source of classification or shelving scheme Library of Congress Classification
Holdings
Withdrawn status Lost status Source of classification or shelving scheme Damaged status Not for loan Home library Current library Shelving location Date acquired Total checkouts Full call number Barcode Date last seen Date last checked out Price effective from Koha item type
    Library of Congress Classification     Main Library Main Library   03/23/2021 1 LB2805 .O38 2013 PIU0170454 04/18/2023 02/22/2023 03/23/2021 Books